Gírgolas, Plearotus Ostreatus plan de marketing y viabilidad del proyecto /
Guardado en:
| Otros Autores: | , |
|---|---|
| Formato: | Manuscrito |
| Idioma: | Spanish |
| Publicado: |
2003.
|
| Materias: | |
| Etiquetas: |
Agregar Etiqueta
Sin Etiquetas, Sea el primero en etiquetar este registro!
|
| LEADER | 01126ntm a22002655a 4500 | ||
|---|---|---|---|
| 001 | EAD.ead001621 | ||
| 008 | 081105s2003####ag#######bm###000#0#spa#d | ||
| 005 | 20241205162017.0 | ||
| 245 | 1 | 0 | |a Gírgolas, Plearotus Ostreatus |h [recurso electrónico] : |b plan de marketing y viabilidad del proyecto / |c Ariel Oscar Barreiro. |
| 260 | |c 2003. | ||
| 300 | |a 1 CD-ROM ; |c 4 3/4 plg. | ||
| 502 | |a Tesis (licenciatura)--Universidad Nacional del Sur. Departamento de Ciencias de la Administración, 2003. | ||
| 500 | |a Director de tesis: Néstor Omar Fernández. | ||
| 500 | |a Disponible solamente en formato electrónico. | ||
| 504 | |a Incluye referencias bibliográficas. | ||
| 100 | 1 | |a Barreiro, Ariel Oscar. |4 dis | |
| 700 | 1 | |a Fernández, Néstor Omar. |4 ths | |
| 710 | 2 | |a Universidad Nacional del Sur. |b Departamento de Ciencias de la Administración |4 dgg. | |
| 082 | 0 | 4 | |a 579.5 |2 21 |
| 650 | 7 | |a Hongos comestibles. |2 unbist | |
| 650 | 7 | |a Estudios de viabilidad. |2 unbist | |
| 650 | 7 | |a Plan de marketing. |2 isoc | |
| 653 | |a Gírgolas | ||
| 653 | |a Tesis digitales | ||
| 859 | |a AR-BaBDC |b BIB. ADMINISTRACION - Libros |h 579.5 |i B274 |k T |p b05867 |v CD | ||
